Puños dorados : (Record no. 4047)
[ view plain ]
| 000 -CABECERA | |
|---|---|
| campo de control de longitud fija | 00669cam a2200193 a 4500 |
| 001 - NÚMERO DE CONTROL | |
| campo de control | 000004233 |
| 005 - FECHA Y HORA DE LA ÚLTIMA TRANSACCIÓN | |
| campo de control | 20200929151421.0 |
| 008 - DATOS DE LONGITUD FIJA--INFORMACIÓN GENERAL | |
| campo de control de longitud fija | 900427s1988 cu a s 001 0 spa |
| 040 ## - FUENTE DE LA CATALOGACIÓN | |
| Centro catalogador/agencia de origen | DO-SdBNP |
| Centro/agencia transcriptor | DLC |
| Centro/agencia modificador | DLC |
| 082 ## - NÚMERO DE LA CLASIFICACIÓN DECIMAL DEWEY | |
| Número de clasificación | 796.83 |
| Número de documento/Ítem | A388p |
| 100 1# - ENTRADA PRINCIPAL--NOMBRE DE PERSONA | |
| Nombre de persona | Alfonso, Jorge. |
| 9 (RLIN) | 12508 |
| 245 10 - MENCIÓN DE TÍTULO | |
| Título | Puños dorados : |
| Resto del título | apuntes para la historia del boxeo en Cuba / |
| Mención de responsabilidad, etc. | Jorge Alfonso; edición, Lina González Madlum. |
| 260 ## - PUBLICACIÓN, DISTRIBUCIÓN, ETC. | |
| Lugar de publicación, distribución, etc. | Santiago de Cuba : |
| Nombre del editor, distribuidor, etc. | Oriente, |
| Fecha de publicación, distribución, etc. | 1988. |
| 300 ## - DESCRIPCIÓN FÍSICA | |
| Extensión | 233 p. : |
| Otras características físicas | il. ; |
| Dimensiones | 21 cm. |
| 650 #4 - PUNTO DE ACCESO ADICIONAL DE MATERIA--TÉRMINO DE MATERIA | |
| Término de materia o nombre geográfico como elemento de entrada | Boxeo |
| Subdivisión geográfica | Cuba |
| Subdivisión general | Historia |
| 9 (RLIN) | 12509 |
| 650 #4 - PUNTO DE ACCESO ADICIONAL DE MATERIA--TÉRMINO DE MATERIA | |
| Término de materia o nombre geográfico como elemento de entrada | Boxeo |
| Subdivisión general | Documentos |
| Subdivisión geográfica | Cuba |
| 9 (RLIN) | 12510 |
| 700 1# - PUNTO DE ACCESO ADICIONAL--NOMBRE DE PERSONA | |
| Nombre de persona | González Madlum, Lina |
| Término indicativo de función/relación | ed. |
| 9 (RLIN) | 12511 |
| 910 ## - DATOS DE OPCIÓN DEL USUARIO (OCLC) | |
| Datos de opción del usuario | Catalogación por copia / LC |
| Estado de retiro | Estado de pérdida | Restricciones de uso | No para préstamo | Código de colección | Localización permanente | Ubicación/localización actual | Ubicación en estantería | Fecha de adquisición | Número de inventario | Total de préstamos | Signatura topográfica completa | Código de barras | Fecha visto por última vez | Precio válido a partir de | Tipo de ítem Koha |
|---|---|---|---|---|---|---|---|---|---|---|---|---|---|---|---|
| Préstamo interno | Monografías: Libros y Folletos | General | General | En catalogación | 20.07.2009 | LF1 | 796.83 A388p | 4233-10 | 25.06.2020 | 25.06.2020 | Préstamo interno |
